000 00942nab a2200205 i 4500
001 768714001
003 CO-MdFUSB
005 20240507143141.0
008 240507t1968 sp ||||| |||| 00| 0 spa d
040 _bspa
_cCO-MdFUSB
_dCO-MdFUSB
041 _aspa
100 _aRousseau, Olivier,
_eautor
245 _aProfetismo y ecumenismo
_c/ Olivier Rousseau
520 _aPerspectiva histórica del profetismo y ecumenismo. Los orígenes del movimiento ecuménico se remontan, en el protestantismo, a una serie de grandes vocaciones de carácter carismático, en las que el siglo XIX fue pródigo, en diferentes países.
650 0 _a Ecumenismo
_xHistoria
_91146
653 _aProfetismo
773 0 _049450
_982597
_oR2527
_tRevista internacional de teología Concilium
_w(CO-MdFUSB)8
_x0210-1041
_gNúmero 37, (julio - agosto, 1968), páginas: 99 - 112
_qpágina: 99
942 _cANA
945 _aCatherine Arias Alvarez - Practicante SENA
999 _c69545
_d69545